ბათუმის შოთა რუსთაველის სახელმწიფო უნივერსიტეტის ბიბლიოთეკა

ანზორ ერქომაიშვილი : (ბიბ.ჩანაწერი № 63701)

000 -ლიდერი
ფიქსირებული სიგრძის საკონტროლო ველი 01411nam a22002297a 4500
003 - საკონტროლო ნომრის იდენტიფიკატორი
საკონტროლო ველი Ge_BSU
005 - ბოლო ოპერაციის თარიღი და დრო
საკონტროლო ველი 20251211195320.0
008 - ფიქსირებული სიგრძის მონაცემთა ელემენტები - ზოგადი ინფორმაცია
ფიქსირებული სიგრძის საკონტროლო ველი 251211s2024 ge ||||| |||| 00| 0 geo d
020 ## - წიგნის საერთაშორისო სტანდარტული ნომერი
International Standard Book Number 9789941992926
041 ## - ენის კოდი
Language code of text/sound track or separate title geo
080 ## - უნივერსალური ათობითი კლასიფიკაციის ინდექსი
Universal Decimal Classification number 016:929(479.22) კ-64
100 ## - მთავარი ჩანაწერი - პიროვნების სახელი
Personal name კოჭლაშვილი, ციური
9 (RLIN) 26461
245 ## - ცნობა სათაურის შესახებ
Title ანზორ ერქომაიშვილი :
Remainder of title ბიობიბლიოგრაფია/
Statement of responsibility, etc შეადგინა და საძიებელი დაურთო ციური კოჭლაშვილმა; რედაქტორი დავით შუღლიაშვილი.
264 ## - წარმოების, გამოცემის, დისტრიბუციის და სხვა ცნობები
გამოცემის, წარმოების, დისტრიბუციის... ადგილი თბილისი :
გამოცემის, წარმოების, დისტრიბუციის... სახელწოდება საქართველოს პარლამენტის ეროვნული ბიბლიოთეკა,
გამოცემის, წარმოების, დისტრიბუციის... თარიღი 2024.
300 ## - ფიზიკური აღწერა
Extent 234 გვ. ;
Other physical details 21 სმ
500 ## - ზოგადი შენიშვნა
General note პირთა საძიებელი: გვ. 203-233.
653 ## - INDEX TERM--UNCONTROLLED
Uncontrolled term ერქომაიშვილი, ანზორ, 1940-2021.
653 ## - INDEX TERM--UNCONTROLLED
Uncontrolled term ქართული ხალხური სიმღერები-ბიობიბლიოგრაფია.
653 ## - INDEX TERM--UNCONTROLLED
Uncontrolled term ქართველი ფოლკლორისტები -- ბიობიბლოგრაფია
700 ## - ADDED ENTRY--PERSONAL NAME
Personal name შუღლიაშვილი, დავით
Relator term რედაქტორი
9 (RLIN) 26462
942 ## - ADDED ENTRY ELEMENTS (KOHA)
Source of classification or shelving scheme
Koha item type წიგნი
ეგზემპლარები
ჩამოწერის სტატუსი დაკარგული ეგზემპლარის სტატუსი კლასიფიკაციის წყარო ან თაროზე გაწყობის სქემა დაზიანების სტატუსი არ გაიცემა მუდმივი მდებარეობა (დაცვის ადგილი) ამჟამინდელი ადგილსამყოფელი თაროზე განთავსების ადგილი შეძენის თარიღი ღირებულება, შესყიდვის ნორმალური ფასი სრული შენახვის შიფრი შტრიხკოდი ბოლო ოპერაციის თარიღი ეგზემპლარის მიმდევრობითი ნომერი (კეტერი?) Uniform Resource Identifier ფასის ძალაში შესვლის თარიღი ეგზემპლარის სახეობა საჯარო შენიშვნა
          ბათუმის შოთა რუსთაველის სახელმწიფო უნივერსიტეტის მთავარი ბიბლიოთეკა ბათუმის შოთა რუსთაველის სახელმწიფო უნივერსიტეტის მთავარი ბიბლიოთეკა წიგნსაცავი 2025-12-11 6.00 016:929(479.22) კ-64 73267 2025-12-11 73267 საჩუქარი საქართველოს ეროვნული ბიბლიოთეკისაგან 2025-12-11 წიგნი 6 ლ.